| 000 | 00553nam a22002057a 4500 | ||
|---|---|---|---|
| 005 | 20230608182407.0 | ||
| 008 | 160812b1998 xxu||||| |||| 00| 0 spa d | ||
| 041 | _aESP | ||
| 082 | _a004.65 T267t | ||
| 245 | _aTelecomunicaciones : redes de datos | ||
| 260 |
_aMéxico _bMcGraw-Hill _c1998 |
||
| 300 | _a191 páginas | ||
| 650 |
_aREDES DE COMPUTADORES _979396 |
||
| 650 |
_aTELECOMUNICACIONES _979397 |
||
| 650 |
_aREDES DE ÁREA LOCAL _979398 |
||
| 650 |
_aTCP/IP _979399 |
||
| 650 |
_aINTERNET _979400 |
||
| 650 |
_aINTRANET _979401 |
||
| 942 | _cBK | ||
| 999 |
_c8386 _d8386 |
||